000 00507nam a2200193Ia 4500
008 101110s9999 xx 000 0 und d
041 _aENGLISH
082 _bJR639
_a332.1
100 _aMugali V.N.
245 _aThe Law and Practice of Banking ( 5th ed.)
365 _b15
520 _aCommerce
546 _aENGLISH
630 _aThe Law and Practice of Banking ( 5th ed.)
650 _aCommerce
655 _aCommerce
730 _aThe Law and Practice of Banking ( 5th ed.)
942 _cBOOK
999 _c793443
_d793440